000
00204 a2200097 4500
001
45471
100
_a
Miller A
245
_a
Salesman in Beijing
260
_a
London
_b
Methuen
_c
090
_c
28633
_d
28633
942
_a
NUST-CAE
_c
M
_c
20706
999
_c
280544
_d
280544